000 02091cam a22005174i 4500
003 PE-LiUPU
005 20250731173550.0
008 150616s r 000 0 d
020 _a0941037282
035 _a(Sirsi) i9780941037280
040 _aPE-LiUPU
_bspa
_cPE-LiUPU
_erda
049 _aPRUA
082 0 4 _b
_221
100 1 _aSchneck, Richard,
_eautor.
245 1 0 _aIsaiah in the gospel of Mark I-VIII.
264 1 _aOakland, California :
_bBIBAL Press,
_c1994.
300 _a339 páginas ;
_c21 centímetros
336 _atext
_2rdacontent
337 _aunmediated
_2rdamedia
338 _avolume
_2rdacarrier
490 0 _aBIBAL Dissertation Series ;
_v1
504 _aBibliografía: ppáginas 305-319.
505 0 _aThge good news begins.- Controversy and confrontation (Mark 2-3).- Jesus spoke in parables (Mark 4).- The miracles of Jesus (Mark 5-6).- Jesus teaches and heals (Mark 7).- The obduracy of the human heart (Mark 8).- Conclusions.
526 _aSEG42
526 _aSEG41
526 _aSEG40
526 _aSEG39
526 _aP94
526 _aP87
526 _aP86
526 _aP85
526 _aP77
526 _aP76
526 _aP35
630 _aBiblia.
_pN.T.
_pMarcos
_xCrítica, interpretación, etc.
910 _ajck
_bjvq
_cjck
942 _2ddc
_cBOOK
949 _a226.306 S31
_wDEWEY
_c1
_i47168
_lCCODEBUL1
_mBUL
_r0
_sY
_tBOOK
_u2015-4-23
_xTEOLOGIA
_zUNKNOWN
_0COMPRA
_o.STAFF. Colección General
949 _a226.306 S31
_wDEWEY
_c2
_i43070
_lCCODEBUL1
_mBUL
_r0
_sY
_tBOOK
_u2015-6-16
_xTEOLOGIA
_zUNKNOWN
_0COMPRA
_o.STAFF. Colección General
994 _aC0
_bPEPRU
596 _a1
999 _a226.306 S31
_wDEWEY
_c61044
_i47168
_d61044
_f2021-11-9
_g5
_lCCODEBUL1
_mBUL
_q1
_r0
_sY
_tBOOK
_u2015-4-23
_xTEOLOGIA
_zUNKNOWN
_0COMPRA
_o.STAFF. Colección General
999 _a226.306 S31
_wDEWEY
_c2
_i43070
_f2021-11-9
_g5
_lCCODEBUL1
_mBUL
_r0
_sY
_tBOOK
_u2015-6-16
_xTEOLOGIA
_zUNKNOWN
_0COMPRA
_o.STAFF. Colección General
980 _81
_gALBERTO SANCHEZ Responsable de Automatización